LEADER 01144nam0-2200361---450- 001 990009750480403321 005 20130710110258.0 010 $a978-88-263-1802-8 035 $a000975048 035 $aFED01000975048 035 $a(Aleph)000975048FED01 035 $a000975048 100 $a20130710d2011----km-y0itay50------ba 101 0 $aita 102 $aIT 105 $ay-------001yy 200 1 $aPsicoanalisi in tempi di crisi$fa cura di Francesco Gazzillo e Andrea Fontana 210 $aRoma$cBorla$d2011 215 $a236 p.$d21 cm 225 1 $aPsicoanalisi tra memoria e futuro$v6 300 $aCon la prima traduzione integrale del libro I dieci anni dell'Istituto psicoanalitico di Berlino, curato da Max Eitingon 610 0 $aBerliner Psychoanalytisches Institut 676 $a150.1952$v22$zita 702 1$aGazzillo,$bFrancesco 702 1$aFontana,$bAndrea$f<1979- > 702 1$aEitingon,$bMax 801 0$aIT$bUNINA$gREICAT$2UNIMARC 901 $aBK 912 $a990009750480403321 952 $aIX F 134$b49178$fFSPBC 959 $aFSPBC 996 $aPsicoanalisi in tempi di crisi$9833967 997 $aUNINA LEADER 00875nam0-22003371i-450 001 990006698390403321 005 20180619145816.0 035 $a000669839 100 $a20001010d1977----km-y0itay50------ba 101 0 $aita 105 $ay-------001yy 200 1 $aChe cosa sarà il futuro$fUgo Spirito 210 $aRoma$cCadmo$d1977 215 $ap. 70$d22 cm 610 0 $aComunismo 610 0 $aCapitalismo 610 0 $aPostcomunismo$aSec. 20.-21. 676 $a195$v22$zita 676 $a335.43$v22$zita 676 $a149$v20 676 $a172$v20 700 1$aSpirito,$bUgo$0122711 801 0$aIT$bUNINA$gRICA$2UNIMARC 901 $aBK 912 $a990006698390403321 952 $aII A 166$b21113$fFSPBC 952 $aP.1 P 652$bD.D.FILOS.640$fFLFBC 959 $aFSPBC 959 $aFLFBC 996 $aChe cosa sarà il futuro$9471381 997 $aUNINA